Thinking constructively about science, technology, and society education
Αποθηκεύτηκε σε:
| Κύριος συγγραφέας: | |
|---|---|
| Μορφή: | Βιβλίο |
| Γλώσσα: | English |
| Δημοσίευση: |
New York :
State University of New York,
1992
|
| Σειρά: | SUNY series in curriculum issues and inquiries
|
| Θέματα: | |
| Ετικέτες: |
Προσθήκη ετικέτας
Δεν υπάρχουν, Καταχωρήστε ετικέτα πρώτοι!
|
MARC
| LEADER | 00000nam a2200000 i 4500 | ||
|---|---|---|---|
| 001 | 1/20023 | ||
| 008 | 970610s1992 eng d | ||
| 020 | |a 0-7914-0939-2 | ||
| 035 | |a 1995 |b 3 |c Χατζηνικήτα |l 10035930 | ||
| 040 | |a GR-MY-UA |b gre |e aacr | ||
| 041 | 0 | |a eng | |
| 082 | 0 | |a 507.1073 | |
| 100 | 1 | |a Cheek, Dennis W. |d 1955- | |
| 245 | 1 | 0 | |a Thinking constructively about science, technology, and society education / |c Dennis W. Cheek |
| 260 | |a New York : |b State University of New York, |c 1992 | ||
| 300 | |a 262 p. | ||
| 490 | 1 | |a SUNY series in curriculum issues and inquiries | |
| 650 | 0 | 0 | |a Science |x Study and teaching |z United States. |
| 650 | 0 | 0 | |a Engineering |x Study and teaching |z United States. |
| 650 | 0 | 0 | |a Science |x Social aspects |z United States. |
| 650 | 0 | 0 | |a Engineering |x Social aspects |z United States. |
| 650 | 0 | 0 | |a Education |z United States. |
| 830 | 0 | |a SUNY series in curriculum issues and inquiries | |
| 852 | |a INST |b RHODES |e 19970610 |h 507.1073 CHE |p 005400011380 |q 005400011380 |t BK |y 0 | ||
| 909 | |a Ρ |b 046555 |c 1995 | ||